<?xml version="1.0" encoding="UTF-8"?>
<record
    xmlns:xsi="http://www.w3.org/2001/XMLSchema-instance"
    xsi:schemaLocation="http://www.loc.gov/MARC21/slim http://www.loc.gov/standards/marcxml/schema/MARC21slim.xsd"
    xmlns="http://www.loc.gov/MARC21/slim">

  <leader>01141nam a22002417a 4500</leader>
  <controlfield tag="005">20111102142633.0</controlfield>
  <controlfield tag="008">111102t        xxu||||| |||| 00| 0 mar d</controlfield>
  <datafield tag="010" ind1=" " ind2=" ">
    <subfield code="a">MAR-21689</subfield>
  </datafield>
  <datafield tag="020" ind1=" " ind2=" ">
    <subfield code="c">140.00</subfield>
  </datafield>
  <datafield tag="035" ind1=" " ind2=" ">
    <subfield code="a">MR-14347</subfield>
  </datafield>
  <datafield tag="037" ind1=" " ind2=" ">
    <subfield code="b">DBAD / PUB</subfield>
  </datafield>
  <datafield tag="040" ind1=" " ind2=" ">
    <subfield code="a">DPL</subfield>
    <subfield code="b">MR</subfield>
  </datafield>
  <datafield tag="082" ind1=" " ind2=" ">
    <subfield code="a">297</subfield>
  </datafield>
  <datafield tag="100" ind1=" " ind2=" ">
    <subfield code="9">35655</subfield>
    <subfield code="a">&#x92E;&#x941;&#x91C;&#x93C;&#x92B;&#x94D;&#x92B;&#x930; &#x939;&#x941;&#x938;&#x948;&#x928;</subfield>
  </datafield>
  <datafield tag="245" ind1=" " ind2=" ">
    <subfield code="a">&#x907;&#x938;&#x94D;&#x932;&#x93E;&#x92E; &#x906;&#x923;&#x93F; &#x936;&#x93E;&#x915;&#x93E;&#x939;&#x93E;&#x930; /</subfield>
    <subfield code="c">&#x92E;&#x941;&#x91C;&#x93C;&#x92B;&#x94D;&#x92B;&#x930; &#x939;&#x941;&#x938;&#x948;&#x928; ; &#x905;&#x935;&#x902;&#x924;&#x940; &#x92E;&#x939;&#x93E;&#x91C;&#x928; &#x926;&#x94D;&#x935;&#x93E;&#x930;&#x93E; &#x905;&#x928;&#x941;&#x935;&#x93E;&#x926;&#x93F;&#x924;</subfield>
  </datafield>
  <datafield tag="246" ind1=" " ind2=" ">
    <subfield code="a">Islam Aani Shakahar</subfield>
    <subfield code="b">by Mujafar Husain</subfield>
  </datafield>
  <datafield tag="260" ind1=" " ind2=" ">
    <subfield code="a">&#x92A;&#x941;&#x923;&#x947;</subfield>
    <subfield code="b">&#x91A;&#x902;&#x926;&#x94D;&#x930;&#x915;&#x932;&#x93E; &#x92A;&#x94D;&#x930;&#x915;&#x93E;&#x936;&#x928;</subfield>
    <subfield code="c">2009</subfield>
  </datafield>
  <datafield tag="270" ind1=" " ind2=" ">
    <subfield code="a">39/584,&#x932;&#x94B;&#x915;&#x92E;&#x93E;&#x928;&#x94D;&#x92F;&#x928;&#x917;&#x930;,&#x928;&#x935;&#x940; &#x92A;&#x947;&#x920;,</subfield>
    <subfield code="b">&#x92A;&#x941;&#x923;&#x947;</subfield>
    <subfield code="e">411030</subfield>
  </datafield>
  <datafield tag="300" ind1=" " ind2=" ">
    <subfield code="a">&#x905;&#x915;&#x930;&#x93E;,144&#x92A;&#x943;.</subfield>
    <subfield code="c">22&#x938;&#x947;&#x92E;&#x940;(&#x905;&#x91C;&#x93F;&#x932;&#x94D;&#x926;)</subfield>
  </datafield>
  <datafield tag="700" ind1=" " ind2=" ">
    <subfield code="a">&#x92E;&#x939;&#x93E;&#x91C;&#x928;,&#x905;&#x935;&#x902;&#x924;&#x940; </subfield>
    <subfield code="9">36227</subfield>
  </datafield>
  <datafield tag="942" ind1=" " ind2=" ">
    <subfield code="2">ddc</subfield>
    <subfield code="c">MR</subfield>
    <subfield code="m">&#x92E;&#x941;&#x91C;&#x93C;&#x92B;&#x94D;&#x92B;</subfield>
    <subfield code="h">297</subfield>
  </datafield>
  <datafield tag="999" ind1=" " ind2=" ">
    <subfield code="c">58768</subfield>
    <subfield code="d">58768</subfield>
  </datafield>
  <datafield tag="952" ind1=" " ind2=" ">
    <subfield code="0">0</subfield>
    <subfield code="1">0</subfield>
    <subfield code="2">ddc</subfield>
    <subfield code="4">0</subfield>
    <subfield code="7">1</subfield>
    <subfield code="8">NFIC</subfield>
    <subfield code="a">DBAD</subfield>
    <subfield code="b">DBAD</subfield>
    <subfield code="d">2011-11-28</subfield>
    <subfield code="e">DBAD / PUB</subfield>
    <subfield code="g">140.00</subfield>
    <subfield code="l">0</subfield>
    <subfield code="o">297&#x92E;&#x941;&#x91C;&#x93C;&#x92B;&#x94D;&#x92B;</subfield>
    <subfield code="p">MR-14347</subfield>
    <subfield code="r">2011-11-28 00:00:00</subfield>
    <subfield code="t">1</subfield>
    <subfield code="v">140.00</subfield>
    <subfield code="y">MR</subfield>
  </datafield>
</record>
